000 00348nam a22001457a 4500
020 _qPB.
040 _cFIZZA ISHAQ
082 _a005.453
_bALF
100 _aAHO,ALFRED.
_989652
245 _aCOMPILERS PRINCIPLES TECHNIQUES AND TOOLS /
_cALFRED AHO.
250 _a2nd ED.
260 _aPEARSON ;
_c2020.
300 _a930 P. ;
942 _2ddc
_cBK
999 _c589732
_d589732